| 000 | 01227nam a22002057a 4500 | ||
|---|---|---|---|
| 999 |
_c64071 _d64071 |
||
| 003 | Ge_BSU | ||
| 005 | 20260320165604.0 | ||
| 008 | 260320s1976 ge ||||| |||| 00| 0 geo d | ||
| 041 | _ageo | ||
| 080 | _a332.2(5-012) მ-55 | ||
| 100 |
_aმენთეშაშვილი, ალბერტ _924353 |
||
| 245 |
_aაგრარული ურთიერთობის საკითხები თანამედროვე ქურთისტანში / _c ალბერტ მენთეშაშვილი; გ. წერეთლის სახ. აღმოსავლეთმცოდნეობის ინ-ტი. |
||
| 264 |
_aთბ. : _bმეცნიერება, _c1976. |
||
| 300 |
_a211 გვ. ; _b22 სმ. |
||
| 653 | _aაგრარული ურთიერთობები ქურთისტანში | ||
| 700 |
_aჭიპაშვილი, გ. _eრედაქტორი _927178 |
||
| 700 |
_aნადირაძე, გ. _eმხატვარი _927179 |
||
| 856 |
_uhttps://dspace.nplg.gov.ge/bitstream/1234/493940/1/Agraruli_Urtiertobis_Sakitxebi_Tanamedrove_Qurtistanshi_1976.pdf _yელ. ვერსია |
||
| 942 |
_2udc _cᲬᲘᲒᲜᲘ |
||